Statistiques concernant Nationalité dans l'Union soviétique

Cliquez ici pour prendre le quiz!

Statistiques générales

  • Ce quiz a été pris 98 fois
  • Le résultat moyen est 12 sur 16

Statistiques - réponses

PourcentagePopulation% Correct
50,78%Russes
99%
15,45%Ukrainiens
93%
3,51%Biélorusses
84%
0,36%Estoniens
82%
5,84%Ouzbeks
82%
1,62%Arméniens
80%
2,85%Kazakhs
80%
0,51%Lettons
80%
1,39%Géorgiens
78%
2,38%Azéris
75%
1,17%Moldaves
74%
1,48%Tadjiks
74%
0,95%Turkmènes
74%
0,89%Kirghizes
57%
1,07%Lituaniens
55%
9,75%Autres
11%

Distribution des résultats

Percentile par nombre de réponses

% des personnes avec chaque résultat

Votre développement - résultats

Vous n’avez pas pris ce quiz